| 000 | 00683nam a22002177a 4500 | ||
|---|---|---|---|
| 003 | URS | ||
| 005 | 20220114171928.0 | ||
| 008 | 180505b xxu||||| |||| 00| 0 eng d | ||
| 020 | _a9781133190219 | ||
| 050 | 1 | 4 |
_aHD 61 _bC454 2013 |
| 100 | 1 |
_aChance, Don, _d2013- _eauthor |
|
| 245 |
_aAn introduction to derivatives and risk management : _cDon M. Chance. |
||
| 250 | _a9th edition | ||
| 264 | 1 |
_aUnited States of America : _bSouth-Western Cengage Learning , _c©2013 |
|
| 300 |
_axxi, 671 pages : _billustration ; _c25 cm |
||
| 336 |
_2rdacontent _atext |
||
| 336 |
_2rdacontent _astill image |
||
| 337 |
_2rdamedia _aunmediated |
||
| 338 |
_2rdacarrier _avolume |
||
| 942 |
_2lcc _cFR |
||
| 999 |
_c15195 _d15195 |
||